Music Quiz - Statistics

General Stats
  • This quiz has been taken 4 times
  • The average score is 8 of 15
Answer Stats
Hint Answer % Correct
What is Jutlandia about a war ship a hospital ship a woman A hospital ship
100%
What of the songs has Kim Larsen Createt Kvinde min Haveje Kring sat af fjender Kvinde Min
100%
What is Kim Larsen movie called Midt om natten
100%
What is the most international danish singer
100%
Who has create Stor man Tobias Rahim
100%
Who has create For Evigt Volbeat
100%
What is the danish song program called were Blackman are judging X-factor
100%
Who has Create Føler mig 100 Andreas Odbjerg
50%
What singer try to get carrier i Usa Kim Larsen
50%
When died Kim Larsen 30 september 2018
0%
What is the most international danish song For Evigt
0%
What is Kim Larsen last band called Kjukken
0%
What is the last winner for X-factor Mads Molt
0%
What was the first winner of X-factor Martin hedegaard
0%
What was Kim larsen last song he sings Som et strejf af en dråbe
0%
No matching quizzes found
Score Distribution
Percent of People with Each Score
Percentile by Number Answered
Your Score History
You have not taken this quiz